Представление документа в формате MARC21

Поле Инд. ПП Название Значение
Тип записи a
Библиографический уровень m
001 Контрольный номер RU/IS/BASE/346846439
005 Дата корректировки 20211019085726.9
040 a Служба первич. каталог. НБ ТвГУ
b Код языка каталог. rus
e Правила каталог. PSBO
041 0_ a Код языка текста rus
080 a Индекс УДК 821.161.1.09
084 a Индекс другой классификации/Индекс ББК Ш5(2)6-3
090 a Полочн. индекс Ш5(2)6
x Авторский знак П 55
100 1_ a Автор Помозов Юрий Фомич
e Роль лиц Автор
245 10 a Заглавие Знал, видел, разговаривал
b Продолж. заглавия рассказы о писателях
c Ответственность Ю. Ф. Помозов
260 a Место издания Ленинград
b Издательство Лениздат
c Дата издания 1985
300 a Объем 331, [1] с.
520 0_ a Аннотация В сборник входят произведения посвященные жизни и творчеству мастеров советской литературы 20 в.: К. Федина, Л. Леонова, А. Довженко, К. Симонова, И. Соколова-Микитова, К. Паустовского и многих других прозаиков, поэтов, драматургов, очеркистов и литературоведов.
653 0_ a Ключевые слова 20 в.
a Ключевые слова Литературоведение
a Ключевые слова История советской литературы
a Ключевые слова Литература
a Ключевые слова Литература народов СССР
a Ключевые слова Русская литература
a Ключевые слова Советская литература
a Ключевые слова СССР
852 41 i Расстановочный признак Проверка 2021
901 t Тип документа m
920 a Оператор Густ
a Оператор Семен
a Оператор Рунт
952 c Вид литературы К рн
954 a Дата поступления на обработку 20110128
e Дата перешифровки 20210705
954 a Дата поступления на обработку 20211019